| Tag |
First Indicator |
Second Indicator |
Subfields |
| LEADER |
00000cam a2200000 4500 |
| 001 |
in00000040762 |
| 005 |
20151007064642.0 |
| 008 |
730108s1959 nyua 00010 eng |
| 010 |
|
|
|a 59005887
|
| 035 |
|
|
|a (OCoLC)00530886
|
| 035 |
|
|
|9 AAE0318AM
|
| 040 |
|
|
|a DLC
|c WSU
|d OCL
|d TXA
|d UtOrBLW
|
| 049 |
|
|
|a TXAM
|c [316040]
|
| 050 |
0 |
0 |
|a QB45
|b .S58 1959
|
| 082 |
0 |
|
|a 520
|
| 092 |
|
|
|a 520
|b S628b, 1959
|
| 100 |
1 |
|
|a Skilling, William T.
|q (William Thompson),
|d 1866-
|
| 245 |
1 |
2 |
|a A brief text in astronomy /
|c [by] William T. Skilling [and] Robert S. Richardson.
|
| 250 |
|
|
|a Rev. ed.
|
| 264 |
|
1 |
|a [New York] :
|b Holt,
|c [1959]
|
| 300 |
|
|
|a 353 pages :
|b illustrations ;
|c 24 cm.
|
| 336 |
|
|
|a text
|b txt
|2 rdacontent
|
| 337 |
|
|
|a unmediated
|b n
|2 rdamedia
|
| 338 |
|
|
|a volume
|b nc
|2 rdacarrier
|
| 490 |
0 |
|
|a A Holt-Dryden book
|
| 650 |
|
0 |
|a Astronomy.
|
| 700 |
1 |
|
|a Richardson, Robert S.
|q (Robert Shirley),
|d 1902-1981.
|
| 999 |
|
|
|a MARS
|
| 999 |
f |
f |
|s 8dc91521-d1c8-325e-a4ee-a3442927cd45
|i 4a148127-6cbf-349a-825a-191fed599fb0
|t 0
|
| 952 |
f |
f |
|p ric
|a Texas A&M University
|b Rellis Campus
|c Joint Library Facility
|d Remote Storage
|t 0
|e QB45 .S58 1959
|h Library of Congress classification
|i unmediated -- volume
|m A14800898272
|
| 998 |
f |
f |
|a QB45 .S58 1959
|t 0
|l Remote Storage
|